| 000 | 00369nam a2200145Ia 4500 | ||
|---|---|---|---|
| 008 | 130318s9999 xx 000 0 und d | ||
| 020 | _a9788131704127 | ||
| 082 | _a005.82 SMI/I | ||
| 100 | _aSmith, Richard E | ||
| 245 | _aInternet cryptography | ||
| 260 |
_bPearson Education _aNew Delhi _c2000 |
||
| 300 | _a356 | ||
| 650 | _aCRYPTOGRAPHY | ||
| 650 | _aNETWORK SECURITY | ||
| 999 |
_c1765 _d1765 |
||